| Поле | Название | Значение |
| |
Тип записи |
a |
| |
Библиографический уровень |
m |
| 001 |
Контрольный номер |
RU/URAIT/587113 |
| 005 |
Дата корректировки |
20260429163703.4 |
| 008 |
Кодируемые данные |
260429s2026 RU y f j 000 0 rus u |
| 020 |
Индекс ISBN |
__ |
| a |
ISBN |
978-5-534-18609-3 |
| c |
Цена, тираж |
1829.00 |
| 040 |
Источник каталогиз. |
__ |
| a |
Служба первич. каталог. |
ИКО Юрайт |
| c |
Служба, преобразующая запись |
ИКО Юрайт |
| e |
Правила каталог. |
RCR |
| 041 |
Код языка издания |
__ |
| a |
Код языка текста |
rus |
| 044 |
Код страны публикации |
__ |
| a |
Код страны публикации |
RU |
| 080 |
Индекс УДК |
__ |
| a |
Индекс УДК |
796/799(075.8) |
| 084 |
Индекс другой классификации/Индекс ББК |
__ |
| 2 |
Источник индекса |
rubbk |
| a |
Индекс другой классификации/Индекс ББК |
75я73 |
| 100 |
Автор |
__ |
| a |
Автор |
Конеева Е. В. |
| q |
Полное имя |
Конеева Елена Владимировна |
| 245 |
Заглавие |
__ |
| a |
Заглавие |
Спортивные игры: правила, тактика, техника |
| b |
Продолж. заглавия |
учебник для вузов |
| c |
Ответственность |
Е. В. Конеева [и др.] ; под общей редакцией Е. В. Конеевой. |
| 250 |
Сведения об издании |
__ |
| g |
|
пер. и доп |
| a |
Основные сведения об издании |
3-е изд. |
| 256 |
Характеристики компьютерного файла |
__ |
| a |
Характеристики компьютерного файла |
Электрон. дан. |
| 260 |
Выходные данные |
__ |
| a |
Место издания |
Москва |
| b |
Издательство |
Юрайт |
| c |
Дата издания |
2026 |
| 300 |
Физическое описание |
__ |
| a |
Объем |
344 с |
| 440 |
Серия |
__ |
| a |
Серия |
Высшее образование |
| 500 |
Примечания |
__ |
| a |
Примечание |
URL: https://urait.ru/bcode/587113 (дата обращения: 29.04.2026). |
| 520 |
Аннотация |
__ |
| a |
Аннотация |
Курс «Спортивные игры: правила, тактика, техника» дает исчерпывающую информацию об истории возникновения, развитии, технике, тактике и методике обучения, наиболее популярных в XX—XXI вв. средствах физического воспитания и видах спорта, таких как баскетбол, волейбол, теннис, настольный теннис, бадминтон, футбол, регби. Соответствует актуальным требованиям федерального государственного образовательного стандарта высшего образования. Курс предназначен для студентов среднего профессионального и высшего образования (бакалавров, магистров), делающих первые шаги в освоении средств и методики физического воспитания, а также изучающих «Элективные курсы по физической культуре». Также курс будет полезен специалисам, тренерам по спортивных играм и другим видам спорта, учителям физической культуры, инструкторам по физической культуре дошкольных образовательных организаций, преподавателям вузов и сузов, аспирантам и докторантам. |
| 538 |
Прим. о системных особенностях |
__ |
| a |
Прим. о системных особенностях |
Режим доступа: Электронно-библиотечная система Юрайт, для авториз. пользователей |
| 653 |
Ключевые слова |
__ |
| a |
Ключевые слова |
Физическая культура |
| 653 |
Ключевые слова |
__ |
| a |
Ключевые слова |
Гуманитарные науки |
| 653 |
Ключевые слова |
__ |
| a |
Ключевые слова |
Физическая культура |
| 653 |
Ключевые слова |
__ |
| a |
Ключевые слова |
Волейбол |
| 653 |
Ключевые слова |
__ |
| a |
Ключевые слова |
Баскетбол |
| 653 |
Ключевые слова |
__ |
| a |
Ключевые слова |
Подвижные игры |
| 653 |
Ключевые слова |
__ |
| a |
Ключевые слова |
Физическая культура (физическая подготовка) |
| 653 |
Ключевые слова |
__ |
| a |
Ключевые слова |
Физкультура |
| 653 |
Ключевые слова |
__ |
| a |
Ключевые слова |
Организация секции по футболу 5х5, 7х7 |
| 653 |
Ключевые слова |
__ |
| a |
Ключевые слова |
Спортивные игры |
| 653 |
Ключевые слова |
__ |
| a |
Ключевые слова |
Футбол |
| 653 |
Ключевые слова |
__ |
| a |
Ключевые слова |
Физическая подготовка |
| 653 |
Ключевые слова |
__ |
| a |
Ключевые слова |
Физическая культура и спорт |
| 653 |
Ключевые слова |
__ |
| a |
Ключевые слова |
Общая физическая подготовка |
| 653 |
Ключевые слова |
__ |
| a |
Ключевые слова |
Методика обучения футболу |
| 653 |
Ключевые слова |
__ |
| a |
Ключевые слова |
Спортивные и подвижные игры |
| 653 |
Ключевые слова |
__ |
| a |
Ключевые слова |
Физическая культура (базовая подготовка) |
| 653 |
Ключевые слова |
__ |
| a |
Ключевые слова |
Бадминтон |
| 653 |
Ключевые слова |
__ |
| a |
Ключевые слова |
Общая физическая культура |
| 653 |
Ключевые слова |
__ |
| a |
Ключевые слова |
Основы физической культуры |
| 653 |
Ключевые слова |
__ |
| a |
Ключевые слова |
Теория и методика обучения базовым видам спорта. Спортивные игры |
| 653 |
Ключевые слова |
__ |
| a |
Ключевые слова |
Теория и методика футбола |
| 653 |
Ключевые слова |
__ |
| a |
Ключевые слова |
Физкультурно-спортивное совершенствование в базовых видах спорта: спортивные игры |
| 653 |
Ключевые слова |
__ |
| a |
Ключевые слова |
Игровые виды спорта |
| 653 |
Ключевые слова |
__ |
| a |
Ключевые слова |
Спортивные игры с методикой преподавания |
| 653 |
Ключевые слова |
__ |
| a |
Ключевые слова |
Спортивные игры и методика их преподавания |
| 653 |
Ключевые слова |
__ |
| a |
Ключевые слова |
Спортивные игры и методика преподавания |
| 653 |
Ключевые слова |
__ |
| a |
Ключевые слова |
Теория и методика обучения бадминтону |
| 653 |
Ключевые слова |
__ |
| a |
Ключевые слова |
Спортивные игры Физическая культура и спорт |
| 653 |
Ключевые слова |
__ |
| a |
Ключевые слова |
Спортивная подготовка (тренировка) в бадминтоне |
| 653 |
Ключевые слова |
__ |
| a |
Ключевые слова |
Спортивная подготовка (тренировка) в футболе |
| 653 |
Ключевые слова |
__ |
| a |
Ключевые слова |
ТМОБВС: Спортивные игры |
| 653 |
Ключевые слова |
__ |
| a |
Ключевые слова |
Физическая культура и спорт (баскетбол) |
| 653 |
Ключевые слова |
__ |
| a |
Ключевые слова |
Физическая культура и спорт (волейбол) |
| 653 |
Ключевые слова |
__ |
| a |
Ключевые слова |
Физическая культура и спорт (футбол) |
| 653 |
Ключевые слова |
__ |
| a |
Ключевые слова |
Базовые виды спорта с методикой преподавания (спортивные игры) |
| 653 |
Ключевые слова |
__ |
| a |
Ключевые слова |
Футбол с методикой преподавания |
| 653 |
Ключевые слова |
__ |
| a |
Ключевые слова |
Элективные дисциплины по физической культуре и спорту (Повышение спортивного мастерства-баскетбол) |
| 653 |
Ключевые слова |
__ |
| a |
Ключевые слова |
Элективные дисциплины по физической культуре и спорту (Повышение спортивного мастерства-волейбол) |
| 653 |
Ключевые слова |
__ |
| a |
Ключевые слова |
Элективные дисциплины по физической культуре и спорту (Повышение спортивного мастерства-футбол) |
| 653 |
Ключевые слова |
__ |
| a |
Ключевые слова |
Элективные курсы по физической культуре (Баскетбол) |
| 653 |
Ключевые слова |
__ |
| a |
Ключевые слова |
Элективные курсы по физической культуре (волейбол) |
| 653 |
Ключевые слова |
__ |
| a |
Ключевые слова |
Элективные курсы по физической культуре (Футбол) |
| 653 |
Ключевые слова |
__ |
| a |
Ключевые слова |
Элективные курсы по физической культуре и спорту (Повышение спортивного мастерства: баскетбол) |
| 653 |
Ключевые слова |
__ |
| a |
Ключевые слова |
Элективные курсы по физической культуре и спорту (Повышение спортивного мастерства: волейбол) |
| 653 |
Ключевые слова |
__ |
| a |
Ключевые слова |
Элективные курсы по физической культуре и спорту (Повышение спортивного мастерства: футбол) |
| 653 |
Ключевые слова |
__ |
| a |
Ключевые слова |
Теория и методика избранного вида спорта Спортивные игры |
| 653 |
Ключевые слова |
__ |
| a |
Ключевые слова |
Элективная дисциплина по физической культуре и спорту: волейбол |
| 653 |
Ключевые слова |
__ |
| a |
Ключевые слова |
Повышение профессионального мастерства (Бадминтон) |
| 653 |
Ключевые слова |
__ |
| a |
Ключевые слова |
Элективные курсы по физической культуре и спорту (Волейбол) |
| 653 |
Ключевые слова |
__ |
| a |
Ключевые слова |
Физическая культура и спорт (спортивные игры) |
| 653 |
Ключевые слова |
__ |
| a |
Ключевые слова |
Теория и методика бадминтона |
| 653 |
Ключевые слова |
__ |
| a |
Ключевые слова |
Элективные дисциплины (модули) по физической культуре и спорту (Волейбол) |
| 700 |
Другие авторы |
__ |
| a |
Другие авторы |
Овчинников В. П. |
| q |
Полное имя |
Овчинников Владимир Павлович |
| 700 |
Другие авторы |
__ |
| a |
Другие авторы |
Кукаева Т. Я. |
| q |
Полное имя |
Кукаева Татьяна Яковлевна |
| 700 |
Другие авторы |
__ |
| a |
Другие авторы |
Румянцева О. В. |
| q |
Полное имя |
Румянцева Ольга Вячеславовна |
| 700 |
Другие авторы |
__ |
| a |
Другие авторы |
Писаренко Е. Г. |
| q |
Полное имя |
Писаренко Евгения Германовна |
| 700 |
Другие авторы |
__ |
| a |
Другие авторы |
Ястребова О. С. |
| q |
Полное имя |
Ястребова Ольга Станиславовна |
| 700 |
Другие авторы |
__ |
| a |
Другие авторы |
Романов С. С. |
| q |
Полное имя |
Романов Сергей Станиславович |
| 700 |
Другие авторы |
__ |
| a |
Другие авторы |
Кублицкий В. Г. |
| q |
Полное имя |
Кублицкий Владимир Геннадьевич |
| 700 |
Другие авторы |
__ |
| a |
Другие авторы |
Волков А. В. |
| q |
Полное имя |
Волков Александр Валентинович |
| 700 |
Другие авторы |
__ |
| a |
Другие авторы |
Гладюк В. Г. |
| q |
Полное имя |
Гладюк Владимир Григорьевич |
| 700 |
Другие авторы |
__ |
| a |
Другие авторы |
Волков А. А. |
| q |
Полное имя |
Волков Андрей Александрович |
| 700 |
Другие авторы |
__ |
| a |
Другие авторы |
Жук О. А. |
| q |
Полное имя |
Жук Ольга Александровна |
| 700 |
Другие авторы |
__ |
| a |
Другие авторы |
Шишкова Н. Г. |
| q |
Полное имя |
Шишкова Наталья Георгиевна |
| 700 |
Другие авторы |
__ |
| a |
Другие авторы |
Станчик Т. И. |
| q |
Полное имя |
Станчик Татьяна Иосифовна |
| 856 |
Электронный адрес документа |
40 |
| n |
Местонахождение сервера |
Юрайт |
| g |
|
Электронная книга |
| q |
Тип электронного формата |
html |
| h |
Имя пользователя |
ЮРАЙТ |
| v |
Часы доступа к ресурсу |
20271231 |
| 2 |
Способ доступа |
Показать документ |
| x |
Служебное примечание |
https://urait.ru/book/cover/D76EE283-CFE5-4869-B715-F4303B284E1A |
| u |
URL |
https://urait.ru/bcode/587113 |
| 856 |
Электронный адрес документа |
48 |
| q |
Тип электронного формата |
cover |
| u |
URL |
https://urait.ru/book/cover/D76EE283-CFE5-4869-B715-F4303B284E1A |
| 911 |
|
__ |
| u |
|
0030=https://urait.ru/bcode/587113 |
| 911 |
|
__ |
| u |
|
073a=9785534186093 |
| u |
|
073d=1829.00 |
| 911 |
|
__ |
| u |
|
106a=s |
| 911 |
|
__ |
| u |
|
900l= |
| 952 |
Тип литературы |
__ |
| i |
Дисциплина |
Физическая культура |
| 952 |
Тип литературы |
__ |
| i |
Дисциплина |
Волейбол |
| 952 |
Тип литературы |
__ |
| i |
Дисциплина |
Баскетбол |
| 952 |
Тип литературы |
__ |
| i |
Дисциплина |
Подвижные игры |
| 952 |
Тип литературы |
__ |
| i |
Дисциплина |
Физическая культура (физическая подготовка) |
| 952 |
Тип литературы |
__ |
| i |
Дисциплина |
Физкультура |
| 952 |
Тип литературы |
__ |
| i |
Дисциплина |
Организация секции по футболу 5х5, 7х7 |
| 952 |
Тип литературы |
__ |
| i |
Дисциплина |
Спортивные игры |
| 952 |
Тип литературы |
__ |
| i |
Дисциплина |
Футбол |
| 952 |
Тип литературы |
__ |
| i |
Дисциплина |
Физическая подготовка |
| 952 |
Тип литературы |
__ |
| i |
Дисциплина |
Физическая культура и спорт |
| 952 |
Тип литературы |
__ |
| i |
Дисциплина |
Общая физическая подготовка |
| 952 |
Тип литературы |
__ |
| i |
Дисциплина |
Методика обучения футболу |
| 952 |
Тип литературы |
__ |
| i |
Дисциплина |
Спортивные и подвижные игры |
| 952 |
Тип литературы |
__ |
| i |
Дисциплина |
Физическая культура (базовая подготовка) |
| 952 |
Тип литературы |
__ |
| i |
Дисциплина |
Бадминтон |
| 952 |
Тип литературы |
__ |
| i |
Дисциплина |
Общая физическая культура |
| 952 |
Тип литературы |
__ |
| i |
Дисциплина |
Основы физической культуры |
| 952 |
Тип литературы |
__ |
| i |
Дисциплина |
Теория и методика обучения базовым видам спорта. Спортивные игры |
| 952 |
Тип литературы |
__ |
| i |
Дисциплина |
Теория и методика футбола |
| 952 |
Тип литературы |
__ |
| i |
Дисциплина |
Физкультурно-спортивное совершенствование в базовых видах спорта: спортивные игры |
| 952 |
Тип литературы |
__ |
| i |
Дисциплина |
Игровые виды спорта |
| 952 |
Тип литературы |
__ |
| i |
Дисциплина |
Спортивные игры с методикой преподавания |
| 952 |
Тип литературы |
__ |
| i |
Дисциплина |
Спортивные игры и методика их преподавания |
| 952 |
Тип литературы |
__ |
| i |
Дисциплина |
Спортивные игры и методика преподавания |
| 952 |
Тип литературы |
__ |
| i |
Дисциплина |
Теория и методика обучения бадминтону |
| 952 |
Тип литературы |
__ |
| i |
Дисциплина |
Спортивные игры Физическая культура и спорт |
| 952 |
Тип литературы |
__ |
| i |
Дисциплина |
Спортивная подготовка (тренировка) в бадминтоне |
| 952 |
Тип литературы |
__ |
| i |
Дисциплина |
Спортивная подготовка (тренировка) в футболе |
| 952 |
Тип литературы |
__ |
| i |
Дисциплина |
ТМОБВС: Спортивные игры |
| 952 |
Тип литературы |
__ |
| i |
Дисциплина |
Физическая культура и спорт (баскетбол) |
| 952 |
Тип литературы |
__ |
| i |
Дисциплина |
Физическая культура и спорт (волейбол) |
| 952 |
Тип литературы |
__ |
| i |
Дисциплина |
Физическая культура и спорт (футбол) |
| 952 |
Тип литературы |
__ |
| i |
Дисциплина |
Базовые виды спорта с методикой преподавания (спортивные игры) |
| 952 |
Тип литературы |
__ |
| i |
Дисциплина |
Футбол с методикой преподавания |
| 952 |
Тип литературы |
__ |
| i |
Дисциплина |
Элективные дисциплины по физической культуре и спорту (Повышение спортивного мастерства-баскетбол) |
| 952 |
Тип литературы |
__ |
| i |
Дисциплина |
Элективные дисциплины по физической культуре и спорту (Повышение спортивного мастерства-волейбол) |
| 952 |
Тип литературы |
__ |
| i |
Дисциплина |
Элективные дисциплины по физической культуре и спорту (Повышение спортивного мастерства-футбол) |
| 952 |
Тип литературы |
__ |
| i |
Дисциплина |
Элективные курсы по физической культуре (Баскетбол) |
| 952 |
Тип литературы |
__ |
| i |
Дисциплина |
Элективные курсы по физической культуре (волейбол) |
| 952 |
Тип литературы |
__ |
| i |
Дисциплина |
Элективные курсы по физической культуре (Футбол) |
| 952 |
Тип литературы |
__ |
| i |
Дисциплина |
Элективные курсы по физической культуре и спорту (Повышение спортивного мастерства: баскетбол) |
| 952 |
Тип литературы |
__ |
| i |
Дисциплина |
Элективные курсы по физической культуре и спорту (Повышение спортивного мастерства: волейбол) |
| 952 |
Тип литературы |
__ |
| i |
Дисциплина |
Элективные курсы по физической культуре и спорту (Повышение спортивного мастерства: футбол) |
| 952 |
Тип литературы |
__ |
| i |
Дисциплина |
Теория и методика избранного вида спорта Спортивные игры |
| 952 |
Тип литературы |
__ |
| i |
Дисциплина |
Элективная дисциплина по физической культуре и спорту: волейбол |
| 952 |
Тип литературы |
__ |
| i |
Дисциплина |
Повышение профессионального мастерства (Бадминтон) |
| 952 |
Тип литературы |
__ |
| i |
Дисциплина |
Элективные курсы по физической культуре и спорту (Волейбол) |
| 952 |
Тип литературы |
__ |
| i |
Дисциплина |
Физическая культура и спорт (спортивные игры) |
| 952 |
Тип литературы |
__ |
| i |
Дисциплина |
Теория и методика бадминтона |
| 952 |
Тип литературы |
__ |
| i |
Дисциплина |
Элективные дисциплины (модули) по физической культуре и спорту (Волейбол) |